000
00300nam a22001217a 4500
008
220102b |||||||| |||| 00| 0 eng d
082
_a
800
_b
CHE
_2
22
100
1
_a
Chelliah, J. V.
245
1
0
_a
the story of the MacLeod Hospitall
260
_a
Tellippalai :
_b
s.n.,
_c
1939.
300
_a
111 p. :
942
_c
EB
999
_c
1
_d
1